| Tag |
First Indicator |
Second Indicator |
Subfields |
| LEADER |
00000cas a2200000 a 4500 |
| 001 |
in00004501321 |
| 005 |
20191203131326.0 |
| 008 |
961103c19969999njumr1p 0 a0eng |
| 010 |
|
|
|a 97641075
|z sn 96039831
|
| 016 |
7 |
|
|a 9613960
|2 DNLM
|
| 016 |
7 |
|
|a SR0088415
|2 DNLM
|
| 022 |
0 |
|
|a 1088-0224
|y 1096-1860
|
| 030 |
|
|
|a AJMCFY
|
| 032 |
|
|
|a 015973
|b USPS
|
| 035 |
|
|
|a (OCoLC)ocm35837376
|
| 035 |
|
|
|z (UtOrBLW)38728
|
| 035 |
|
|
|a 56084
|
| 037 |
|
|
|b American Medical Pub., 1816 Englishtown Road, Suite 101, Old Bridge, NJ 08857
|
| 040 |
|
|
|a NLM
|c NLM
|d NYG
|d DLC
|d NSD
|d DLC
|d NLM
|d CAS
|d HUL
|d EYM
|d OCL
|d SYS
|d EEM
|d NSD
|d OCLCQ
|d CLU
|d TMV
|d UtOrBLW
|
| 042 |
|
|
|a lc
|a nsdp
|
| 043 |
|
|
|a n-us---
|
| 049 |
|
|
|a TMVM
|
| 050 |
0 |
0 |
|a RA413.5.U5
|b A545
|
| 060 |
0 |
0 |
|a W1
|b AM483
|
| 060 |
|
4 |
|a x
|
| 210 |
1 |
0 |
|a Am J Manag Care
|
| 222 |
|
4 |
|a The American journal of managed care
|
| 245 |
0 |
4 |
|a The American journal of managed care.
|
| 246 |
3 |
|
|a Am. j. manag. care
|
| 264 |
|
1 |
|a Old Bridge, NJ :
|b American Medical Pub
|
| 300 |
|
|
|a volumes :
|b illustrations ;
|c 28 cm.
|
| 310 |
|
|
|a Monthly
|
| 336 |
|
|
|a text
|2 rdacontent
|b txt
|
| 337 |
|
|
|a unmediated
|2 rdamedia
|
| 338 |
|
|
|a volume
|2 rdacarrier
|b nc
|
| 362 |
1 |
|
|a Began in 1996.
|
| 500 |
|
|
|a Description based on: Volume 11, number 1 (Jan. 2005); title from cover.
|
| 500 |
|
|
|a Bindery Color Print; ID 117405
|
| 525 |
|
|
|a Supplements accompany some volumes.
|
| 525 |
|
|
|a Some issues accompanied by separately paged supplements called Special report.
|
| 530 |
|
|
|a Also available online.
|
| 650 |
|
2 |
|a Delivery of Health Care.
|
| 650 |
|
2 |
|a Managed Care Programs.
|
| 650 |
|
2 |
|a Health Services.
|
| 651 |
|
2 |
|a United States.
|
| 655 |
|
2 |
|a Periodicals.
|
| 690 |
|
|
|a medimp
|
| 776 |
1 |
|
|a American journal of managed care (Online)
|x 1096-1860
|w (OCoLC)60630298
|
| 780 |
0 |
0 |
|t American journal of managed healthcare
|x 1088-0224
|w (DLC)sn 96000193
|w (OCoLC)34497758
|
| 999 |
|
|
|a MARS
|
| 999 |
f |
f |
|s db7c446a-7eed-323d-8efc-89441827ec1d
|i 1d2d2307-e922-302d-80af-a398d1c37ab6
|t 0
|
| 952 |
f |
f |
|p ric
|a Texas A&M University
|b Rellis Campus
|c Joint Library Facility
|d Remote Storage
|t 0
|h No information provided
|i unmediated -- volume
|k v.12 & suppls.
|l 2006:Jan./June
|m 323890196356C
|
| 952 |
f |
f |
|p ric
|a Texas A&M University
|b Rellis Campus
|c Joint Library Facility
|d Remote Storage
|t 0
|h No information provided
|i unmediated -- volume
|k v.12 & suppls/special issue
|l 2006:July/Dec.
|m 3238901972528
|
| 998 |
f |
f |
|s v.12(2006)
|t 0
|l Remote Storage
|